[Event "NRW-ch U16"]
[Site "Kranenburg"]
[Date "2008.03.28"]
[Round "6"]
[White "Samraoui, Mehdi"]
[Black "Krassowizkij, Jaroslaw"]
[Result "1/2-1/2"]
[WhiteElo "1509"]
[BlackElo "1984"]
[PlyCount "29"]
[EventDate "2008.03.24"]
[EventType "swiss"]
[EventRounds "7"]
[EventCountry "GER"]
[SourceTitle "EXT 2009"]
[Source "ChessBase"]
[SourceDate "2008.11.26"]
[SourceVersion "1"]
[SourceVersionDate "2008.11.26"]
[SourceQuality "1"]

1. Nc3 d5 2. d4 c5 3. dxc5 d4 4. Ne4 Bf5 5. Ng3 Bg6 6. e3 Nc6 7. Bd3 e5 8. Nf3 Bxc5 9. Bxg6 hxg6 10. exd4 Nxd4 11. Be3 Nxf3+ 12. Qxf3 Bxe3 13. Qxe3 Qa5+ 14. c3 Nf6 15. Ne4 1/2-1/2

[Event "NRW-ch U16"]
[Site "Kranenburg"]
[Date "2008.03.25"]
[Round "2"]
[White "Samraoui, Mehdi"]
[Black "Hobusch, Alexander"]
[Result "0-1"]
[WhiteElo "1509"]
[BlackElo "2072"]
[PlyCount "70"]
[EventDate "2008.03.24"]
[EventType "swiss"]
[EventRounds "7"]
[EventCountry "GER"]
[SourceTitle "EXT 2009"]
[Source "ChessBase"]
[SourceDate "2008.11.26"]
[SourceVersion "1"]
[SourceVersionDate "2008.11.26"]
[SourceQuality "1"]

1. Nc3 d5 2. d4 Nf6 3. Nf3 Bf5 4. Bf4 c6 5. e3 e6 6. Bd3 Bg6 7. Ne5 Nbd7 8. Nxg6 hxg6 9. Ne2 Qb6 10. Qc1 c5 11. c3 Rc8 12. 0-0 Bd6 13. Bxd6 Qxd6 14. Ng3 a6 15. Qd2 0-0 16. Rac1 e5 17. Be2 Qb6 18. b4 exd4 19. exd4 cxb4 20. cxb4 Nb8 21. Bf3 Nc6 22. Rfd1 Qxb4 23. Qxb4 Nxb4 24. Rb1 a5 25. a3 Nc2 26. Rxb7 Nxa3 27. Ra7 Nc4 28. Be2 Ra8 29. Rxa8 Rxa8 30. Bxc4 dxc4 31. Rc1 a4 32. Rxc4 a3 33. Rc1 a2 34. Ra1 Nd5 35. Ne2 Rb8 0-1